Números enteros / (Record no. 95678)

MARC details
000 -CABECERA
campo de control de longitud fija 00627nam a2200217 a 4500
005 - FECHA Y HORA DE LA ÚLTIMA TRANSACCIÓN
campo de control 20231123063600.0
008 - ELEMENTOS DE LONGITUD FIJA--INFORMACIÓN GENERAL
campo de control de longitud fija 030331s1990 mx r 000 0 spa d
020 ## - NÚMERO INTERNACIONAL NORMALIZADO PARA LIBROS
Número Internacional Estándar del Libro 8477380848
035 ## - NÚMERO DE CONTROL DEL SISTEMA
Número de control de sistema UPN01000123498
049 ## - COLECCIÓN
Colección CG
050 #4 - SIGNATURA TOPOGRÁFICA DE LA BIBLIOTECA DEL CONGRESO
Número de clasificación QA241
Número de documento/Ítem N8.6
245 00 - MENCIÓN DE TÍTULO
Título Números enteros /
Mención de responsabilidad, etc. José Luis González...[et al.].
260 ## - PUBLICACIÓN, DISTRIBUCIÓN, ETC.
Lugar de publicación, distribución, etc. Madrid :
Nombre del editor, distribuidor, etc. Síntesis,
Fecha de publicación, distribución, etc. [1990].
300 ## - DESCRIPCIÓN FÍSICA
Extensión 207 p. :
Otras características físicas il.
440 #0 - MENCIÓN DE SERIE/ASIENTO SECUNDARIO--TÍTULO
Título Matemáticas : cultura y aprendizaje ;
Designación de volumen o secuencia 6
650 #4 - ASIENTO SECUNDARIO DE MATERIA - TERMINO TEMATICO
Término de materia o nombre geográfico como elemento de entrada NUMEROS, TEORIA DE LOS
9 (RLIN) 15099
650 #2 - ASIENTO SECUNDARIO DE MATERIA - TERMINO TEMATICO
Término de materia o nombre geográfico como elemento de entrada Números enteros
9 (RLIN) 18930
700 1# - ASIENTO SECUNDARIO--NOMBRE DE PERSONAL
Nombre de persona González, José Luis,
Término indicativo de función/relación coaut.
902 ## - ELEMENTOS DE DATOS B LOCAL, LDB (RLIN)
Creó /cav/MITM
905 ## - TIPO DE MATERIAL
Tipo de material Libro
Holdings
Estado de retiro Estado de pérdida Fuente del sistema de clasificación o colocación Estado dañado No para préstamo Código de colección Localización permanente Ubicación/localización actual Ubicación en estantería Total de préstamos Clasificación Código de barras Fecha visto por última vez Número de copia Tipo de ítem Koha
    Library of Congress Classification     Colección General Bib. Gregorio Torres Quintero Bib. Gregorio Torres Quintero Planta baja 2 QA241 N8.6 209763 31/12/2020 1 Libro
    Library of Congress Classification     Colección General Bib. Gregorio Torres Quintero Bib. Gregorio Torres Quintero Planta baja 2 QA241 N8.6 209764 31/12/2020 1 Libro
    Library of Congress Classification     Colección General Bib. Gregorio Torres Quintero Bib. Gregorio Torres Quintero Planta baja 3 QA241 N8.6 204690 31/12/2020 1 Libro